| 000 | 00415nam a22001697a 4500 | ||
|---|---|---|---|
| 003 | NUST | ||
| 020 | _a9788120327269 | ||
| 038 | _aKhadija | ||
| 082 |
_a671.2 _bRAV |
||
| 100 |
_aRavi, B. _986739 |
||
| 245 |
_aMetal Casting Computer -Aided Design and Analysis / _cB. Ravi |
||
| 260 |
_aNew Delhi : _bPHI Learning, _c2013. |
||
| 300 |
_a158 p. ; _b24 cm. |
||
| 500 | _aPaperback. | ||
| 563 | _aPB | ||
| 942 |
_cBK _2ddc |
||
| 999 |
_c33618 _d33618 |
||